The Private Law Elements of Citizenship Law in the 19th Century

Elmentve itt :
Bibliográfiai részletek
Szerző: Varga Norbert
Dokumentumtípus: Cikk
Megjelent: 2011
Sorozat:JOURNAL ON EUROPEAN HISTORY OF LAW 2 No. 1
Tárgyszavak:
mtmt:1814256
Online Access:http://publicatio.bibl.u-szeged.hu/20429
LEADER 00689nab a2200217 i 4500
001 publ20429
005 20230720094738.0
008 230720s2011 hu o 0|| Angol d
022 |a 2042-6402 
024 7 |a 1814256  |2 mtmt 
040 |a SZTE Publicatio Repozitórium  |b hun 
041 |a Angol 
100 1 |a Varga Norbert 
245 1 4 |a The Private Law Elements of Citizenship Law in the 19th Century  |h [elektronikus dokumentum] /  |c  Varga Norbert 
260 |c 2011 
300 |a 7 
300 |a 79-85 
490 0 |a JOURNAL ON EUROPEAN HISTORY OF LAW  |v 2 No. 1 
650 4 |a Jogtudomány 
650 4 |a Jogtörténet 
856 4 0 |u http://publicatio.bibl.u-szeged.hu/20429/6/1814256.pdf  |z Dokumentum-elérés